00676nam a22002177a 450000500170000000800410001702000150005804100080007304400070008108200190008810000290010724500860013626000680022230000260029049000280031650400280034465000260037265000220039865000280042065000100044820180803165604.0030722s2002 ck a r 00010 spa d a958970235X0 aspa ack04a628.114bL79c 1 aLobato-Pertuz, Reynaldo.10aCalidad de agua para riego y su uso en la agricultura / cReynaldo Lobato Pertuz. aSanta MartabFondo Editorial Universidad del Magdalena, c2002. a60 p.bil. ; c24 cm. aColección Manualesv1 aIncluye bibliografía. 4aAguas subterráneas. 4aCalidad del agua. 6aUtilización del agua. aRiego